2-Word Movies of the Last 25 Years Quiz Stats

 Plays Quiz Updated Oct 25, 2018

Score 0/25 Timer 08:00
10 Plays Today
% Correct
Wonder Woman
97.5%
Finding Nemo
95.2%
Toy Story
95.1%
Green Lantern
92.1%
Cast Away
88%
Mamma Mia!
86%
Pulp Fiction
84.3%
Fight Club
84%
Casino Royale
83.3%
Django Unchained
82.8%
I, Robot
80.9%
Independence Day
80.5%
8 Mile
79.5%
% Correct
Doctor Strange
78.4%
Inside Out
78.2%
Gone Girl
78.2%
Liar Liar
77.7%
Schindler's List
73.2%
Moulin Rouge!
69.2%
Inglourious Basterds
69%
Rush Hour
65.9%
Sin City
63.8%
Shutter Island
62.6%
Pacific Rim
42.9%
American Gangster
41.8%

You're not logged in!

Compare scores with friends on all Sporcle quizzes.
OR
Log In

Sporcle TV

Today on Sporcle TV


Watch our educational content, quiz creation guides, and fun videos on Sporcle TV.

Show Comments

Extras

Top Quizzes Today


Score Distribution

Your Account Isn't Verified!

In order to create a playlist on Sporcle, you need to verify the email address you used during registration. Go to your Sporcle Settings to finish the process.

Report this User

Report this user for behavior that violates our Community Guidelines.

Details: